| 000 | 00366 a2200157 4500 | ||
|---|---|---|---|
| 003 | Nust | ||
| 005 | 20230120103829.0 | ||
| 040 | _cNust | ||
| 082 | _a808.83,ADA | ||
| 100 |
_aAdair, Cecil _9107215 |
||
| 245 |
_aThe Lady Asphodel : _bA Romance / _cCecil Adair |
||
| 260 |
_aLondon _bStanley paul & Co |
||
| 300 | _a285:p | ||
| 650 |
_aNovel _92525 |
||
| 942 |
_2ddc _cBK |
||
| 999 |
_c186863 _d186863 |
||